000 00417nam a2200145 a 4500
999 _c5729
_d5729
020 _a8131803503 (paperback)
020 _a9788131803509 (paperback)
100 1 _aSharma, Sachin S.
245 1 0 _aPower Electronics /
260 _a[S.l.] :
_bLaxmi Publications,
_c2008.
300 _a258 p. ;
650 _aPower Electronics
856 4 0 _uhttp://www.amazon.com/exec/obidos/ASIN/8131803503/chopaconline-20
942 _cBK